00418nam a22001217a 4500008004100000040005500041080001000096245008600106260006900192300000900261650001300270653001300283230612b |||||||| |||| 00| 0 eng d aNational Science LibrarycNational Science Library a668.6 aReview of productivity in the fertilizer industryc/ British Productivity Council aLondon: bBritish Productivity Council, 61954 a29p. aLanguage aIndustry